Nepper-Christensen, Poul, Das Matthäusevangelium - ein judenchristliches Evangelium?: [Rezension]

Saved in:  
Bibliographic Details
Main Author: Kümmel, Werner Georg 1905-1995 (Author)
Format: Print Review
Language:German
Check availability: HBZ Gateway
Interlibrary Loan:Interlibrary Loan for the Fachinformationsdienste (Specialized Information Services in Germany)
Published: 1965
In: Theologische Literaturzeitung
Year: 1965, Volume: 90, Issue: 2, Pages: 114-115
Review of:Das Matthäusevangelium - ein judenchristliches Evangelium? (Aarhus : Universitetsforl., 1958) (Kümmel, Werner Georg)
Further subjects:B Book review
B Matthew
Parallel Edition:Electronic

MARC

LEADER 00000caa a2200000 c 4500
001 145124889X
003 DE-627
005 20240705203413.0
007 tu
008 130417s1965 xx ||||| o 00| ||ger c
035 |a (DE-627)145124889X 
035 |a (DE-576)381248895 
035 |a (DE-599)BSZ381248895 
040 |a DE-627  |b ger  |c DE-627  |e rakwb 
041 |a ger 
084 |a 1  |2 ssgn 
100 1 |0 (DE-588)118567640  |0 (DE-627)146976622  |0 (DE-576)161855393  |4 aut  |a Kümmel, Werner Georg  |d 1905-1995 
109 |a Kümmel, Werner Georg 1905-1995  |a Kymmeru, W. G. 1905-1995  |a Kümmel, Werner Georg Ludwig 1905-1995  |a Kümmel, Werner G. 1905-1995  |a Kümmel, W. G. 1905-1995  |a Dibelius-Kümmel, ... 1905-1995  |a Kyunmeru, W. G. 1905-1995 
245 1 0 |a Nepper-Christensen, Poul, Das Matthäusevangelium - ein judenchristliches Evangelium?  |b [Rezension]  |c Werner Georg Kümmel 
264 1 |c 1965 
336 |a Text  |b txt  |2 rdacontent 
337 |a ohne Hilfsmittel zu benutzen  |b n  |2 rdamedia 
338 |a Band  |b nc  |2 rdacarrier 
601 |a Judenchrist 
601 |a Evangelium 
601 |a Rezension 
630 0 7 |0 (DE-588)4038001-4  |0 (DE-627)106234463  |0 (DE-576)209027703  |a Bibel  |p Matthäusevangelium  |2 gnd 
655 7 |a Rezension  |0 (DE-588)4049712-4  |0 (DE-627)106186019  |0 (DE-576)209083166  |2 gnd-content 
773 0 8 |i In  |t Theologische Literaturzeitung  |d Leipzig : Ev. Verl.-Anst., 1876  |g 90(1965), 2, Seite 114-115  |w (DE-627)129081191  |w (DE-600)3418-6  |w (DE-576)014414023  |x 0040-5671  |7 nnas 
773 1 8 |g volume:90  |g year:1965  |g number:2  |g pages:114-115 
776 0 8 |i Erscheint auch als  |n Online-Ausgabe  |a Kümmel, Werner Georg, 1905 - 1995  |t Nepper-Christensen, Poul, Das Matthäusevangelium - ein judenchristliches Evangelium?  |d 1965  |w (DE-627)1521079064  |w (DE-576)45107906X  |k Electronic 
787 0 8 |i Rezension von  |a Nepper-Christensen, Poul  |t Das Matthäusevangelium - ein judenchristliches Evangelium?  |d Aarhus : Universitetsforl., 1958  |h 227 S.  |w (DE-627)113701248X  |w (DE-576)067012485 
935 |a mteo 
951 |a AR 
BIR |a 01000000_01999999  |b biblesearch 
ELC |b 1 
ITA |a 1  |t 1 
LOK |0 000 xxxxxcx a22 zn 4500 
LOK |0 001 2744229679 
LOK |0 003 DE-627 
LOK |0 004 145124889X 
LOK |0 005 20130417141805 
LOK |0 008 130417||||||||||||||||ger||||||| 
LOK |0 040   |a DE-21  |c DE-627  |d DE-21 
LOK |0 852   |a DE-21 
LOK |0 852 1  |c Gd 114.4-90.1965  |9 00 
LOK |0 935   |a ixrz  |a theo 
LOK |0 939   |a 17-04-13  |b l01 
ORI |a SA-MARC-ixtheoa001.raw 
SYD 0 0 |a Matthäusevangelium,Mt,Matt,Evangelium secundum Matthaeum,In Matthaeum,Matthäus-Evangelium,Evangelium nach Matthäus,The Gospel of St. Matthew,Il Vangelo secondo San Matteo,Er Vangelo siconno Matteo,Das Matthäus-Evangelium im mittelägyptischen Dialekt des Koptischen (Codex Scheide),Matthäusevangelium (Buch der Bibel),Evangelium nach Matthäus (Buch der Bibel),Evangile selon Matthieu (Buch der Bibel),Evangile de Matthieu (Buch der Bibel),Gospel of Matthew (Buch der Bibel),Gospel according to Matthew (Buch der Bibel),Vangelo secondo Matteo (Buch der Bibel),Vangelo di Matteo (Buch der Bibel),Svetoto evangelie ot Mateja,Ka euanelio a Mataio,Book hoa Matthew,Bible,Matthew